[Event "Bugojno"]
[Site "Bugojno"]
[Date "1978.03.09"]
[Round "10"]
[White "Portisch, Lajos"]
[Black "Byrne, Robert Eugene"]
[Result "1/2-1/2"]
[WhiteElo "2630"]
[BlackElo "2550"]
[Annotator "Bulletin"]
[PlyCount "130"]
[EventDate "1978.02.27"]
[EventType "tourn"]
[EventRounds "15"]
[EventCountry "YUG"]
[EventCategory "14"]
[SourceTitle "MCL"]
[Source "ChessBase"]
[SourceDate "1999.07.01"]
[SourceVersion "1"]
[SourceVersionDate "1999.07.01"]
[SourceQuality "1"]

1. d4 Nf6 2. c4 e6 3. Nc3 Bb4 4. e3 O-O 5. Bd3 c5 6. Nf3 d5 7. O-O Nc6 8. a3
Bxc3 9. bxc3 Qc7 10. cxd5 exd5 11. Nh4 Ne7 12. a4 Re8 (12... c4 {
Unzicker-Byrne, Haifa 1976} 13. Bb1 {/\Ra2-e2, f3+/=}) 13. Ba3 c4 14. Bc2 Ng6
15. Nf5 Ne4 16. Bxe4 Rxe4 17. Ng3 Re8 18. Qh5 Qd7 (18... Qc6 19. a5 Nf8 $10 {
Panno-Korchnoi, Palma de Mallorca 1969}) 19. a5 f5 20. Qf3 Qf7 21. Bd6 Be6 22.
Rab1 Rad8 23. Bf4 (23. Bc5 f4 24. exf4 Nxf4 {/\..h5}) 23... h6 24. Ne2 Nxf4 (
24... Nh4 25. Qg3 g5 26. Bxg5 hxg5 27. Qxg5+ Ng6 28. Nf4 {/\Rxb7}) 25. Nxf4 g5
26. Nxe6 $1 (26. Ne2 Kh7 {/\..Rd7,..h5,..f4}) 26... Rxe6 27. Rb5 Re4 28. Rfb1
Rd7 29. Qg3 f4 30. exf4 Qxf4 (30... Rxf4 31. h4 $1 Rxh4 32. Qb8+ $16) 31. Qxf4
gxf4 32. Kf1 Ree7 33. Rc5 $1 f3 $1 (33... Re8 34. Rbb5 Red8 35. Ke2 $16) 34.
gxf3 Rf7 35. Rc8+ Kh7 36. Ra8 a6 37. Rb8 Rxf3 38. R8xb7 Rxb7 39. Rxb7+ Kg6 40.
Rd7 Rxc3 41. Rxd5 Rd3 42. Ke2 h5 43. h4 Kh6 44. f4 Kg6 45. Rg5+ (45. f5+ Kf6
$10) 45... Kh6 46. Rc5 Rxd4 47. Ke3 Rd3+ 48. Ke4 Ra3 49. Ke5 c3 50. f5 c2 {
/\..Rxa5} 51. Rxc2 Rxa5+ 52. Ke6 Rb5 53. Rd2 Rb6+ 54. Rd6 Rb7 55. Rd8 Rb6+ 56.
Kf7 Kh7 $1 57. f6 Rb7+ 58. Ke6 Rb6+ 59. Rd6 Rb8 60. Rd5 Rb6+ 61. Kf5 Kh6 $1 62.
Rd8 Rb5+ 63. Ke6 Rb6+ 64. Ke7 Rb7+ 65. Rd7 Rb8 1/2-1/2

[Event "Linares zt"]
[Site "Linares"]
[Date "1995.??.??"]
[Round "11"]
[White "Van der Sterren, Paul"]
[Black "Renet, Olivier"]
[Result "1-0"]
[WhiteElo "2545"]
[BlackElo "2520"]
[Annotator "Dautov,R"]
[PlyCount "51"]
[EventDate "1995.11.??"]
[EventType "swiss"]
[EventRounds "11"]
[EventCountry "ESP"]
[SourceTitle "CBM 051"]
[Source "ChessBase"]
[SourceDate "1996.04.01"]
[SourceVersion "1"]
[SourceVersionDate "1996.04.01"]
[SourceQuality "1"]

1. d4 Nf6 2. c4 e6 3. Nc3 Bb4 4. e3 O-O 5. Bd3 d5 6. Nf3 c5 7. O-O Nc6 8. a3
Bxc3 9. bxc3 Qc7 10. cxd5 exd5 11. a4 Re8 12. Ba3 c4 13. Bc2 Bg4 $6 (13... Ne4
$142) 14. Qe1 Bh5 (14... Bxf3 15. gxf3 Qd7 16. Kg2 $14 {ECO}) 15. Nh4 Ng4 16.
g3 Bg6 17. Nxg6 hxg6 18. Qd2 $1 (18. Qe2 $6 Qd7 19. h3 Nf6 $10 {
Geller-Matanovic/Bled/1961/}) 18... Re6 {N} (18... f5 $6 19. Rae1 Nf6 20. f3
$16 {/\ g4} Qd7 (20... Re6 21. g4 fxg4 22. e4 $1 $40 {Yusupov}) 21. g4 fxg4 22.
Bxg6 Ne7 $1 23. Bxe8 Rxe8 24. Bxe7 Rxe7 25. Qg2 $18 {Yusupov,A-Lobron,E/
Muenchen 1994}) (18... Na5 19. Rae1 Nb3 20. Qd1 $16 {Yusupov}) (18... Qd7 19.
Rae1 Nf6 20. f3 $16) 19. e4 $1 $16 (19. Rae1 Rae8 20. e4 $2 dxe4 21. d5 Nce5
22. Bxe4 (22. f4 $2 Nf3+ 23. Rxf3 exf3 $19) 22... Nxh2 $1 23. Kxh2 Ng4+ 24. Kh1
Rxe4 25. Rxe4 Rxe4 26. f3 Ne3 27. Re1 Qxg3 28. fxe4 Qh4+ 29. Kg1 Qg3+ $10)
19... dxe4 20. d5 Rd8 $2 (20... Nce5 21. Bxe4 $1 (21. f4 $2 Qb6+ 22. Qd4 (22.
Kh1 Nf3 23. Rxf3 exf3 24. dxe6 Nf2+ 25. Kg1 Nh3+ $10) 22... Nf3+ 23. Rxf3 exf3
24. dxe6 Qxe6 {/\Qe2-+} 25. Be4 (25. Qe4 Qb6+ 26. Qd4 Qxd4+ 27. cxd4 f2+ $17)
25... f2+ 26. Kg2 Re8 27. Bf3 Ne3+ 28. Kxf2 Nc2 29. Qd1 Qb6+ $19) 21... Rd8 (
21... Nxh2 $2 22. Qd1 $1 Nxf1 23. dxe6 Nxg3 24. fxg3 $18) 22. Bg2 Nf6 23. Qd4
$16) (20... e3 21. fxe3 Rxe3 22. Bc5 $1 (22. dxc6 Rd8 23. Qg2 Rxc3 $13) 22...
Re5 23. Qf4 f5 (23... Nxh2 24. Kxh2 Rh5+ 25. Kg1 Qxf4 26. Rxf4 Rxd5 27. Be3 $16
) 24. dxc6 Qxc6 25. Bf2 Re2 26. Bd1 Ne3 27. Qxe3 Rxe3 28. Bxe3 $16) 21. Qe2 $18
Rxd5 22. Qxg4 Qe5 23. Qf4 Qxf4 (23... Qxc3 24. Bxe4 Rd4 25. Qf3 $18) 24. gxf4
Rd2 25. Ra2 {/\Bc1} e3 26. fxe3 (26. fxe3 Rxe3 27. Bc1 $18) 1-0

[Event "NED-ch51"]
[Site "Amsterdam"]
[Date "1996.06.07"]
[Round "1"]
[White "Van der Sterren, Paul"]
[Black "Cifuentes Parada, Roberto"]
[Result "1-0"]
[WhiteElo "2535"]
[BlackElo "2490"]
[Annotator "Dautov,R"]
[PlyCount "73"]
[EventDate "1996.06.07"]
[EventType "tourn"]
[EventRounds "11"]
[EventCountry "NED"]
[EventCategory "11"]
[SourceTitle "CBM 054"]
[Source "ChessBase"]
[SourceDate "1996.10.01"]
[SourceVersion "1"]
[SourceVersionDate "1996.10.01"]
[SourceQuality "1"]

1. d4 Nf6 2. c4 e6 3. Nc3 Bb4 4. e3 O-O 5. Bd3 d5 6. Nf3 c5 7. O-O Nc6 8. a3
Bxc3 9. bxc3 Qc7 10. cxd5 exd5 11. a4 Re8 12. Ba3 c4 13. Bc2 Ne4 14. Bxe4 (14.
Qe1 Qd8 $1 15. Bxe4 Rxe4 16. Nd2 Re8 $10) 14... Rxe4 15. Nd2 Re8 $1 (15... Rh4
16. g3 Rh6 17. e4 (17. f3 $6 Bh3 18. Rf2 Rg6 19. Kh1 Re8 20. e4 dxe4 21. fxe4
Na5 22. Qe2 Nb3 23. Re1 Nxd2 24. Qxd2 Qc6 25. d5 Qxa4 $17 {Azmaiparashvili,
Z-Ljubojevic,L/Leon (05) 1994}) 17... Qa5 $2 (17... Be6 $142) 18. Re1 Be6 19.
Re3 $1 dxe4 20. Nxe4 Qh5 21. h4 $16 {Kamsky,G-Almasi,Z/Groningen 1995}) 16. e4
{N} (16. Qf3 Be6 17. e4 Qa5 18. Bc5 Ne5 (18... Rad8 $1) 19. Qh5 Nd3 20. exd5 g6
$2 (20... Nf4 $142) 21. Qf3 Nxc5 22. dxe6 Nxe6 23. Nxc4 $16 {
Gligoric-Sigurjonsson/ Ljubljana/Portoroz 1977}) 16... Be6 17. e5 Qa5 (17...
Bf5 $5 18. f4 Qa5 19. Bb2 Qb6 20. Ba3 Qa5 $10) 18. Qc2 (18. Rc1 $6 b5 19. axb5
Nxd4 20. cxd4 Qxa3 21. Nb1 Qb4 22. Nc3 a6 23. bxa6 Rxa6 $10) (18. Qf3 $2 Nxd4
$17) 18... g6 $6 {><f6,h6} (18... Qd8 19. f4 g6 20. Nf3 (20. f5 Bxf5 21. Rxf5
gxf5 22. Qxf5 Re6 23. Rf1 $44) 20... Bf5 21. Qf2 a6 $132) 19. Nf3 Bf5 (19...
Bg4 20. Nh4 Qd8 21. g3 f6 22. f4 $14 (22. Nxg6 Qd7 $13)) 20. Qd2 {/\Qh6,Ng5}
Nd8 $1 (20... Qxa4 $4 21. Qh6 $18) (20... Kg7 21. Bc1 $18) (20... Be4 21. Ng5
Bd3 22. Qf4 $16) 21. Bb4 Qc7 22. h3 Ne6 (22... Bd3 23. Rfd1 $16 {/\Ne1,/\g4,Ne1
}) 23. Ne1 $6 {/\g4} (23. Qh6 $5) (23. g4 $1 Bd3 (23... Be4 24. Ne1 g5 25. f3
Bg6 26. Ng2 $16) 24. Rfd1 Be4 25. Ne1 g5 26. f3 Bg6 27. Ng2 $16 {/\h4,f4})
23... h5 (23... Rac8 $2 24. g4 Bd3 25. Nxd3 cxd3 26. a5 g5 27. Qxd3 Nf4 28. Qf5
$16) (23... g5 $5 24. g4 (24. Nf3 h6 25. Nh2 h5) 24... Bg6 25. Ng2 (25. f3 $2 {
/\Ng2} f5 $1 26. exf6 Qg3+ 27. Qg2 Qf4 $15) (25. h4 h6) 25... Bd3 $1 26. Rfe1
Be4 $132) 24. Qh6 (24. f3 h4 25. Qh6 Qd8 $13) 24... Bd3 $4 (24... a5 $5 25. Bd6
Qb6 $13) (24... Qd8 $5 25. f4 Qh4 $132) 25. Nxd3 cxd3 26. Qd2 $18 a5 (26...
Rac8 27. a5 $18) 27. Bd6 Qc4 28. f4 Rac8 (28... Ng7 29. g4 hxg4 30. hxg4 Rac8
31. Ra3 $18 {/\f5}) 29. f5 gxf5 30. Rxf5 Ng7 (30... Qxc3 31. Rg5+ Nxg5 32.
Qxg5+ Kh7 33. Rf1 Qxd4+ 34. Kh2 Rf8 35. Rf6 $18) 31. Rg5 Re6 32. Rf1 Qxa4 33.
Rf6 Rxd6 (33... Qa1+ 34. Kh2 Qxc3 35. Rxg7+ Kxg7 36. Qg5+ Kh8 37. Rxf7 $18) 34.
exd6 Qc2 35. Rxg7+ Kxg7 36. Qg5+ Kf8 37. Rh6 1-0

[Event "Leon"]
[Site "Leon"]
[Date "1994.??.??"]
[Round "5"]
[White "Azmaiparashvili, Zurab"]
[Black "Ljubojevic, Ljubomir"]
[Result "1/2-1/2"]
[WhiteElo "2625"]
[BlackElo "2600"]
[Annotator "Franco"]
[PlyCount "121"]
[EventDate "1994.05.??"]
[EventType "tourn"]
[EventRounds "9"]
[EventCountry "ESP"]
[EventCategory "12"]
[SourceTitle "CBM 042"]
[Source "ChessBase"]
[SourceDate "1994.10.01"]
[SourceVersion "1"]
[SourceVersionDate "1994.10.01"]
[SourceQuality "1"]

1. d4 Nf6 2. c4 e6 3. Nc3 Bb4 4. e3 O-O 5. Bd3 d5 6. Nf3 c5 7. O-O Nc6 8. a3
Bxc3 9. bxc3 Qc7 (9... Qc7 {es una de las posibilidades de las negras en esta
antigua posición, que obtuvo gran popularidad a partir de los años 50; la
alternativa principal es 9...dxc4 para luego jugar e5.}) 10. cxd5 exd5 11. a4
Re8 (11... Re8 {es una jugada bísica en el plan de las negras que es el de
"frenar" el avance e4 de las blancas, de esta manera se logra que los alfiles
blancos no ejerzan el míximo de actividad.Se anticipa, ademís, al movimiento
que sigue.}) 12. Ba3 c4 13. Bc2 Ne4 14. Bxe4 Rxe4 15. Nd2 Rh4 16. g3 Rh6 17. f3
Bh3 18. Rf2 Rg6 19. Kh1 Re8 20. e4 dxe4 21. fxe4 Na5 22. Qe2 Nb3 23. Re1 Nxd2
24. Qxd2 Qc6 25. d5 Qxa4 26. Bc5 b6 27. Bd4 Qd7 28. Kg1 h6 29. Rf4 Rg4 30. Qf2
f5 31. exf5 Rxf4 32. gxf4 Rxe1+ 33. Qxe1 Qxf5 34. Qe6+ Qxe6 35. dxe6 Bxe6 36.
Kf2 Kf7 37. Ke3 g6 38. Be5 a5 39. Kd2 b5 40. Kc1 Bd7 41. Bc7 a4 42. Bd6 Ke6 43.
Bf8 h5 44. h4 Kf5 45. Bh6 Ke4 46. Kc2 Bf5 47. Kb2 {[#]} b4 48. Bf8 bxc3+ $2 (
48... a3+ $1 49. Ka2 bxc3 50. Bxa3 Kxf4 {ganando según Ljubojevic.}) 49. Kxc3
Be6 50. Bd6 Bf7 51. Be7 Kxf4 52. Kb4 Ke4 53. Kxa4 c3 54. Kb4 Kd3 55. Bf6 c2 56.
Bg5 Be6 57. Bh6 Bf7 58. Bg5 Be6 59. Bh6 Bd5 60. Bg5 Bg8 61. Bh6 1/2-1/2

[Event "Interzonal-14c"]
[Site "Zagreb"]
[Date "1987.??.??"]
[Round "12"]
[White "Baragar, Fletcher"]
[Black "Ehlvest, Jaan"]
[Result "1-0"]
[WhiteElo "2320"]
[BlackElo "2540"]
[Annotator "Ftacnik,L"]
[PlyCount "91"]
[EventDate "1987.08.01"]
[EventType "tourn"]
[EventRounds "17"]
[EventCountry "YUG"]
[EventCategory "12"]
[SourceTitle "CBM 004"]
[Source "ChessBase"]
[SourceDate "1988.06.01"]
[SourceVersion "1"]
[SourceVersionDate "1988.06.01"]
[SourceQuality "1"]

1. d4 Nf6 2. c4 e6 3. Nc3 Bb4 4. e3 O-O 5. Bd3 d5 6. Nf3 c5 7. O-O Nc6 8. a3
Bxc3 9. bxc3 Qc7 10. cxd5 exd5 11. Nh4 Ne7 12. g3 Re8 $5 (12... c4) (12... Bh3)
13. f3 Ng6 14. Nf5 (14. Ng2) 14... Bxf5 15. Bxf5 Ne7 16. Bb1 Nc8 17. Ra2 Nd6
18. Re2 Rac8 19. a4 (19. Rfe1 cxd4 20. cxd4 Nb5) 19... Qa5 20. Rfe1 Nc4 (20...
Qxc3 21. Bb2 Qc4 $13) 21. Qd3 Nb6 22. e4 c4 $6 (22... cxd4 $2 23. e5 $1 Qxc3 (
23... Rxc3 24. exf6 $18) 24. exf6 Qxe1+ 25. Rxe1 Rxe1+ 26. Kf2 $18) (22... g6
23. Bd2 $14 {/\} Nc4 (23... Qxa4 24. Bg5) 24. Bg5) 23. Qc2 dxe4 24. fxe4 Qxa4
25. Qd2 Re6 $6 (25... Re7 $142 $1) 26. Qf4 $16 {/\ g4-g5} (26. e5 Nfd5 27. Bf5
Qb3 $44) 26... Qb5 27. Bc2 Qh5 28. Qf1 Qa5 29. Qf3 Rce8 (29... Qh5 30. Qg2 $16)
(29... Na4 30. e5 Qxc3 (30... Nxc3 31. Rf2 Rf8 32. Bd2 Nfd5 33. Be4 $18) 31.
Qxb7 Nb6 32. exf6 Qxe1+ 33. Rxe1 Rxe1+ 34. Kf2 Rxc1 (34... Rce8 35. Bxh7+ $1
Kxh7 36. Qxf7 $18) 35. Bxh7+ $18) 30. g4 R6e7 31. g5 Nfd7 32. h4 Nf8 33. Rf1
Na4 34. Bd2 b5 35. Ref2 (35. Rg2) 35... Nb2 36. h5 Qb6 37. e5 a5 38. Kh2 b4 $2
(38... Nd3 39. Bxd3 cxd3 40. Qxd3 $16) 39. Be4 $18 Nd3 40. Rg2 b3 (40... g6 41.
hxg6 hxg6 (41... fxg6 42. Bd5+ Ne6 (42... Kg7 43. Qf6+ $18) (42... Kh8 43.
Qxf8+ Rxf8 44. Rxf8+ Kg7 45. Rg8#) 43. Bxc4 $18) (41... Nxg6 42. Bd5 Qc7 43.
Kh1 {/\ Rh2, Qh5+-}) 42. Bd5 Qc7 43. Kh1 {/\ Rh2+-}) 41. g6 $1 hxg6 (41... fxg6
42. hxg6 Ne6 (42... h6 43. Qf7+ $18) (42... Nxg6 43. Rxg6 $18) 43. gxh7+ Kh8
44. Bh6 {/\ Bg7} gxh6 45. Qf8+ $18) 42. hxg6 Nxg6 (42... fxg6 43. Bd5+ Ne6 44.
Rxg6 Qc7 45. Bh6 $18) 43. Rxg6 fxg6 44. Bd5+ Re6 45. Qf7+ Kh7 46. Kg2 (46. Kg2
g5 47. Be4+ $18) 1-0

[Event "Minneapolis HB Global op"]
[Site "Minneapolis"]
[Date "2005.05.19"]
[Round "2"]
[White "Adler, Viktor"]
[Black "Milov, Vadim"]
[Result "0-1"]
[WhiteElo "2407"]
[BlackElo "2653"]
[Annotator "Gavrikov,V"]
[PlyCount "82"]
[EventDate "2005.05.18"]
[EventType "swiss"]
[EventRounds "9"]
[EventCountry "USA"]
[SourceTitle "CBM 107"]
[Source "ChessBase"]
[SourceDate "2005.08.01"]
[SourceVersion "1"]
[SourceVersionDate "2005.08.01"]
[SourceQuality "1"]

1. d4 Nf6 2. c4 e6 3. Nc3 Bb4 4. e3 O-O 5. Bd3 c5 6. Nf3 d5 7. O-O Nc6 8. a3
Bxc3 9. bxc3 Qc7 10. h3 {Inviting Black transpose to the old line 10...dxc4 11.
Bxc4 e5 when this pawn move can be useful, preventing possible Bg4.} ({Mostly
White takes on d5 but the position after} 10. cxd5 exd5 {is sufficiently well
investigated and as practice shows Black has adequate counterplay.}) 10... Ne7
$5 $146 {An interesting novelty.} ({Apart from} 10... dxc4) ({Black has:} 10...
b6 11. cxd5 exd5 12. a4 (12. dxc5 $5 bxc5 13. c4 dxc4 14. Bxc4 Na5 15. Ba2 Ba6
16. Re1 {1-0 Ibragimov,I-Roeder,M/Bern 1993/TD (31)}) 12... Re8 13. Nd2 Na5 14.
Bb2 c4 15. Bc2 Ne4 16. Nxe4 dxe4 17. f3 Bf5 18. Qe1 Bg6 19. f4 f5 20. g4 $13 {
1-0 Iskusnyh,S-Balashov,Y/Moscow 1996/EXT 98 (37)}) (10... Re8 11. Bb2 Na5 12.
cxd5 exd5 13. Nd2 c4 (13... Ne4 $5) 14. Bc2 Bd7 15. Re1 Ne4 16. Nf1 f5 17. a4
a6 18. Re2 b5 19. axb5 axb5 20. Qe1 Nb7 21. f3 Rxa1 22. Qxa1 Ned6 $11 {1-0
Ravi,L-Ooi Chern Ee/Kuala Lumpur 1996/EXT 98 (44)}) (10... Rd8 11. Qc2 (11. Qe2
Na5 12. cxd5 exd5 13. Ne5 Be6 14. f4 $2 Rac8 15. Rb1 Bd7 16. Bd2 Ba4 17. Be1
Rd6 $15 {0-1 Ibragimov,I-Luther,T/Athens 1993/TD (34)}) 11... Na5 12. Ne5 (12.
cxd5 exd5 (12... c4 $143 13. d6 $1 Qxd6 14. Be2) 13. dxc5 Qxc5) 12... dxc4 13.
Nxc4 Nxc4 14. Bxc4 b6 15. Bd3 (15. Qe2 $142 Bb7 16. Bb2) 15... Bb7 16. Bb2 e5
$1 $132 {0-1 Schoen,W-Petursson,M/Reykjavik 1988/TD (77)}) 11. Ne5 ({After} 11.
cxd5 exd5 {followed by Bf5 Black has very comfortable play.}) 11... dxc4 12.
Nxc4 {There is nothing for the knight to do on c4.} ({Better was} 12. Bxc4 Ng6
13. Nxg6 ({worse is} 13. f4 b6 $1 (13... cxd4 $6 14. cxd4 Nxe5 15. fxe5) 14.
Bd3 Bb7 15. Qe2 Ne4 16. Qc2 Nxe5 17. dxe5 ({or} 17. fxe5 $6 f5 18. exf6 Nxf6)
17... Qc6 18. c4 Rad8 19. Bb2 Rd7 20. Rad1 Rfd8 {intending to meet} 21. Kh2 {
with} Nd2 $1 22. Rxd2 Rxd3 $15) 13... hxg6 14. Qe2 e5 15. Bb2 {with chances
for both sides.}) 12... Ng6 13. Rb1 {White prevents b7-b5.} ({In the event of} 
13. a4 b6 14. e4 $6 cxd4 15. cxd4 {Black drives away white knight to the
awkward position by} Ba6 16. Nb2 (16. Ne3 $2 Bxd3 17. Qxd3 Nf4) 16... Bxd3 17.
Qxd3 Rac8 $15) 13... b6 14. Qe2 Bb7 15. Bd2 Be4 16. Rfc1 (16. f3 Bxd3 17. Qxd3
Rac8 18. Rfc1 Rfd8 19. e4 Qg3 $36 {[%cal Gf6h5,Gh5f4,Rg6h4]}) 16... Rfd8 (16...
Bxd3 $5 17. Qxd3 Rfd8) 17. Bxe4 Nxe4 18. Be1 Rac8 19. f3 Nf6 20. Qb2 $6 ({
White proceeds ineffectively instead of the immediate} 20. Bf2) 20... Nd5 $1
21. Bf2 Qe7 22. Nd2 ({If White tries to prevent e6-e5 by} 22. Bg3 {, then
Black has an unpleasant continuation} Qg5 23. Qf2 cxd4 24. cxd4 Rc6 $1) 22...
e5 $1 23. dxc5 (23. c4 $2 {loses material on account of} exd4 $1) 23... bxc5 ({
Deserved serious attention} 23... Rxc5 $5 {because bad is} 24. e4 $2 (24. c4
Nf6 $15) 24... Ndf4 25. Bxc5 Qxc5+ 26. Kh2 Nd3 $17) 24. c4 Nb6 25. Qc2 Qe6 $6 {
The waste of time.} (25... Nf8 $142) 26. Rb5 Nf8 27. e4 $6 {Allows Black to
occupy the d4-square.} ({Correct was} 27. Ne4 Qe7 28. a4 {planning to
penetrate on b7 after a4-a5.}) 27... Qe7 28. a4 Ne6 $1 (28... Nxa4 29. Qxa4
Rxd2 30. Qa5 Rcd8 (30... Qg5 31. h4 Qf4 32. g3 Qh6 33. Rxc5 Rxc5 34. Bxc5) 31.
Rxc5 Qg5 32. Rxe5 Rd1+ 33. Rxd1 Rxd1+ 34. Kh2 Qf4+ 35. Bg3 Qc1 36. Bf2 Qf4+ (
36... Ne6 37. Rf5 g6 38. Rf6) 37. Bg3 Qc1 {leads to a draw by repetition.}) 29.
a5 Nd7 30. Rb7 Qg5 (30... a6 $5 31. Rcb1 Nd4 $15) 31. h4 Qh6 $6 ({It was
stronger to keep the opposition with white king by} 31... Qg6 $5 32. Nf1 Nd4
33. Bxd4 exd4 34. Rxa7 Ne5 $36) 32. Nb3 (32. Rxa7 Nd4 33. Bxd4 exd4 $44) 32...
Nd4 33. Bxd4 $2 {[%csl Rh4] An obvious mistake.} ({After} 33. Nxd4 exd4 34.
Rxa7 Ne5 35. Rb7 {White´s prospects are at least no worse.}) 33... exd4 34. Qd2
Qxh4 (34... Qa6 35. Rb5 Qc6 36. a6 (36. Na1 $2 Ne5) 36... Qxa6 $17) 35. Rxa7
Ne5 $1 36. Ra6 {Black threatened 36...Nxf3+ 37.gxf3 Rd6.} Qg3 37. Kf1 $2 (37.
Qe2 {would have retained some saving chances.}) 37... Nxf3 38. Qf2 Nh2+ 39. Kg1
Qxb3 40. Ra7 (40. Kxh2 d3 41. Qd2 Qb7 42. Rb6 Qxe4 $19) 40... Rf8 41. Qf4 Ng4
0-1

[Event "Moscow Aeroflot op-A"]
[Site "Moscow"]
[Date "2005.02.15"]
[Round "1"]
[White "Kaidanov, Gregory S"]
[Black "David, Alberto"]
[Result "0-1"]
[WhiteElo "2629"]
[BlackElo "2573"]
[Annotator "Gavrikov,V"]
[PlyCount "126"]
[EventDate "2005.02.15"]
[EventType "swiss"]
[EventRounds "9"]
[EventCountry "RUS"]
[SourceTitle "CBM 106"]
[Source "ChessBase"]
[SourceDate "2005.06.06"]
[SourceVersion "1"]
[SourceVersionDate "2005.06.06"]
[SourceQuality "1"]

1. d4 Nf6 2. c4 e6 3. Nf3 d5 4. Nc3 Bb4 5. e3 O-O 6. Bd3 c5 7. O-O Nc6 8. a3
Bxc3 9. bxc3 Qc7 {This flexible reply reserves the options of playing Na5 and
dxc4 followed by e5.} 10. cxd5 exd5 11. a4 Re8 12. Nd2 ({White wants to
prevent the manoeuvre Nf6-e4, which is Black´s usual continuation after the
more common} 12. Ba3 c4 13. Bc2 {-} Ne4) 12... Na5 (12... Bg4 13. f3 Bh5 {
is the safest reaction to White´s rare move,e.g.} 14. Re1 cxd4 15. cxd4 Bg6 ({
or} 15... Nb4 16. Nf1 (16. Bb1 Bg6) 16... Nxd3 17. Qxd3 Rac8 18. Bd2 Bg6 19.
Qa3 Re6 $11 {1/2-1/2 Graf,A-Balogh,C/Budapest 2004/CBM 104 no vc (25)}) 16.
Bxg6 hxg6 17. Nf1 (17. Bb2 $142) 17... Rac8 (17... Na5 $5) 18. Bd2 Na5 19. Bxa5
Qxa5 20. Qb3 Re7 $132 {1/2-1/2 Kazakov,P-Bocharov,D/Novosibirsk 2001/CBM 085
ext (94)}) 13. Ba3 c4 14. Bc2 Bg4 15. f3 Bh5 16. Re1 b6 $6 {There was no real
need for this.} (16... Rad8 {is better.}) 17. Re2 $6 ({Instead,} 17. e4 dxe4
18. Nxe4 Nxe4 19. Bxe4 Rad8 20. Ra2 {looked fine for White.}) 17... Rac8 $5 {
The position of the rook on the c-file can be useful later, because Black is
planning Bg6 and will be possible to meet the advance e3-e4 with Nb3.} 18. Qe1
({Now} 18. e4 {is less strong on account of} dxe4 19. Nxe4 Nxe4 20. Bxe4 Nb3
21. Raa2 Bg6) 18... Bg6 19. Bxg6 ({Once again White gives} 19. e4 {up because
of} Nb3 $1 20. Bxb3 cxb3 21. Bb2 dxe4 22. fxe4 Qc6 23. e5 (23. d5 $2 Qc5+ 24.
Kh1 Bh5) 23... Nd5 24. Rf2 (24. Nxb3 Nxc3 25. Bxc3 Qxc3 $15) 24... f6 $1 25.
Nxb3 (25. c4 $2 Nb4) 25... Qc7) 19... hxg6 20. Nf1 Nb3 21. Raa2 Qc6 22. Ng3 $6
{Otherwise Black can prevent e3-e4 by Re6 and Rce8.} ({However a better
version of the pawn sacrifice was} 22. a5 $5 Nxa5 $140 23. Bb4) 22... Qxa4 23.
Bd6 ({Or} 23. Be7 Qd7 24. Bxf6 gxf6 25. e4 a5 $17) 23... Qd7 ({Serious
attention deserves} 23... Qc6 $5 24. Be5 Nd7 25. Bf4 a5 26. e4 b5 $17) 24. Be5
Nh5 $6 (24... a5 {looks much more logical and it is hard for White to obtain
some compensation for the pawn.}) 25. Nxh5 gxh5 26. e4 (26. Qg3 $2 {loses an
exchange after} f6 27. Bxf6 Nc1) 26... f6 27. Bg3 dxe4 ({In case of} 27... a5
28. exd5 Rxe2 29. Rxe2 Qxd5 {White forces the draw by} 30. Re8+ Rxe8 31. Qxe8+
Kh7 32. Be5 $1 Kh6 33. g4 hxg4 34. fxg4 Kh7 35. Qh5+) 28. fxe4 a5 29. e5 fxe5
30. Bxe5 Re6 $6 ({This was a moment for Black to secure some advantage with
the accurate} 30... Re7 31. Re3 Rf8 {but it is clear that White´s position is
better than a few moves ago.}) 31. Bxg7 $1 Rxe2 32. Rxe2 Qxg7 33. Re7 $2 {
A sad mistake.} ({After the correct} 33. Re8+ Rxe8 34. Qxe8+ {Black´s king
cannot escape the perpetual check,e.g.} Qf8 35. Qg6+ Kh8 36. Qxh5+ Kg7 37. Qg5+
Kf7 38. Qf4+ $1 Ke8 (38... Kg8 39. Qg4+ Qg7 40. Qc8+ Kh7 41. Qh3+ Qh6 42. Qd7+)
39. Qb8+ Ke7 40. Qc7+ Kf6 41. Qf4+) 33... Qg6 34. Re6 Qg5 35. Re8+ Rxe8 36.
Qxe8+ Kg7 37. Qd7+ Kh6 38. Qd6+ Qg6 39. Qf8+ (39. Qf4+ Kh7 40. Qc7+ Kh8 41.
Qd8+ (41. Qxc4 Qe8 $1) 41... Kg7 {leads to the game position.}) 39... Kh7 40.
Qe7+ Kh6 41. Qf8+ Kh7 42. Qe7+ Kg8 43. Qd8+ Kg7 44. Qe7+ Qf7 45. Qe5+ Kh7 46.
h4 (46. Qe4+ Kg8 47. Qa8+ Kg7 $19) 46... Nc1 47. Qe4+ Kg8 48. Qe5 Nd3 49. Qb8+
Kg7 50. Qxb6 Qf2+ 51. Kh2 Qxh4+ 52. Kg1 Qe1+ 53. Kh2 Qh4+ 54. Kg1 Qf2+ 55. Kh2
Qf4+ 56. Kg1 h4 57. Qa7+ Qf7 58. Qxa5 Qf2+ 59. Kh1 Qe1+ 60. Kh2 Qg3+ 61. Kh1 h3
62. Qa7+ Kh6 63. Qb6+ Kh5 0-1